[Event "12th Arad Open 2019"]
[Site "Arad"]
[Date "2019.07.25"]
[Round "3.24"]
[White "Bonte, Andrei-Mihai"]
[Black "Ungureanu, Sandu"]
[Result "1-0"]
[WhiteElo "2337"]
[BlackElo "2042"]
[Annotator "TA"]
[PlyCount "107"]
[EventDate "2019.07.24"]
[EventType "swiss"]
[EventCountry "ROU"]
[SourceTitle "playchess.com"]
[Source "ChessBase"]
[SourceQuality "1"]

{[%evp 9,107,0,2,-2,23,20,29,27,24,-4,20,14,26,22,63,61,62,39,138,116,127,131,123,112,152,102,110,102,100,100,106,106,106,106,100,98,98,106,100,92,156,156,156,149,148,115,140,114,140,0,124,125,124,124,133,109,150,150,150,150,156,102,131,25,206,112,116,116,147,159,354,354,354,348,365,315,341,341,334,316,352,294,453,452,464,422,1825,1841,1304,1295,29977,29978,29978,29979,29979,29980,29980,29981,29981,29982]} 1. Nf3 c5 2. c4 Nc6 3. e3 e5 (3... e6 4. d4 d5 5. cxd5 exd5 6. Bb5 cxd4 7. Nxd4 Bd7 8. O-O Nf6 9. b3 Bd6 10. Bb2 O-O 11. Nd2 Re8 12. Rc1 Rc8 13. N2f3 Qe7 14. Qe2 Bb8 15. Rfd1 Qd6 16. Nxc6 bxc6 17. Ba6 Rcd8 18. Bd3 Ne4 19. Bxe4 Rxe4 {½-½ (59) So,W (2822)-Radjabov,T (2710) Shamkir 2017}) 4. a3 f5 $146 ({Predecessor:} 4... Nf6 5. Qc2 Be7 6. b3 O-O 7. Bb2 e4 8. Ng5 d5 9. cxd5 Qxd5 10. h4 Na5 11. b4 cxb4 12. axb4 {0-1 (60) Gausel,E (2588)-Hermansson,E (2521) Sweden 2005}) 5. d3 Nf6 6. Be2 {A30: Symmetrical English: Double Fianchetto and Hedgehog} d6 7. O-O Be7 8. Nc3 {White has an edge.} O-O 9. Rb1 a5 10. b3 h6 11. Bb2 Be6 12. d4 cxd4 13. exd4 {[#] Hoping for d5.} e4 (13... Bd7 $14) 14. d5 $16 {Black must now prevent Nh4.} exf3 15. Bxf3 Bd7 {aiming for ...Ne5.} 16. dxc6 Bxc6 17. Nd5 Nxd5 18. Bxd5+ Kh8 19. Re1 Bf6 20. Bxf6 Rxf6 21. Qf3 Qd7 22. Rbd1 Re8 23. a4 Rxe1+ 24. Rxe1 Bxd5 (24... Kh7 $142) 25. Qxd5 {[%mdl 4096] Endgame KQR-KQR} ({Much less strong is} 25. cxd5 $6 f4 $14) 25... b6 26. h3 Kh7 27. Re3 Qc7 28. Re8 Kg6 29. Re3 Kh7 $1 30. Qd3 Qf7 31. Qd4 $36 {[%mdl 2048] Black is under strong pressure.} Qc7 32. h4 h5 33. Qd1 Qf7 34. Rd3 Qg6 35. Rg3 (35. Rd5 $142) 35... Qf7 36. Qd4 (36. Kf1 $16) 36... Qc7 $2 {[#]} (36... Re6 $1 $11 {and Black is okay.}) 37. Qf4 (37. Rg5 $18) 37... Qf7 38. Rd3 Qg6 39. Rd5 Qe8 $2 (39... Qg4 $16 40. Qxg4 hxg4) 40. Rxf5 $18 Rxf5 41. Qxf5+ {KQ-KQ} g6 42. Qf3 Qe1+ 43. Kh2 Qe5+ 44. g3 Qd4 45. Qf7+ Kh6 (45... Kh8 $142 46. Kg2 Qe4+ 47. Qf3 Qe7 48. Qa8+ Kg7) 46. Kg2 Qe4+ 47. Qf3 Qd4 (47... Qe5 $142 48. Qe3+ Kg7 49. Qxb6 Qe4+ 50. Kh2 Qf5 51. Qd4+ Kf7) 48. Qe3+ Qxe3 49. fxe3 {KP-KP} g5 50. Kf3 {White mates.} Kg6 51. Ke4 Kf6 52. Kd5 gxh4 53. gxh4 Kf5 54. Kxd6 {Accuracy: White = 66%, Black = 39%.} 1-0

[Event "12th Arad Open 2019"]
[Site "Arad"]
[Date "2019.07.25"]
[Round "3.25"]
[White "Revencu, Leon"]
[Black "Ciorgovean, Iustin"]
[Result "0-1"]
[WhiteElo "1859"]
[BlackElo "2330"]
[Annotator "TA"]
[PlyCount "28"]
[EventDate "2019.07.24"]
[EventType "swiss"]
[EventCountry "ROU"]
[SourceTitle "playchess.com"]
[Source "ChessBase"]
[SourceQuality "1"]

{[%evp 9,82,-7,0,-10,0,-8,-17,-25,-2,-31,-30,-30,-28,-33,-6,-12,0,-42,-44,-27,0,0,0,-7,0,-9,-14,-17,-5,-9,-8,-3,0,0,0,-154,-147,-164,-150,-159,-113,-114,-114,-121,-101,-110,-103,-110,-110,-189,-189,-189,-189,-182,-182,-182,-182,-182,-178,-160,-158,-230,-222,-233,-226,-201,-133,-143,-142,-260,-268,-577,-577,-577,-577]} 1. d4 Nf6 2. Nf3 g6 3. Nbd2 c5 (3... Bg7 4. e4 d6 5. Bb5+ c6 6. Bd3 O-O 7. O-O c5 8. d5 e6 9. c4 Re8 10. Rb1 Na6 11. a3 exd5 12. exd5 Nc7 13. b3 b5 14. Qc2 Rb8 15. Bb2 Bd7 16. Bc3 Na8 17. Rfe1 Nb6 18. Rxe8+ Bxe8 19. Qc1 {½-½ (19) Dubov,D (2703)-Svidler,P (2737) St Petersburg 2018}) 4. e4 cxd4 5. Nxd4 d6 6. Bd3 {A48: 1 d4 Nf6 2 Nf3 g6: Torre, London and Colle Systems} Bg7 7. O-O O-O 8. c3 {The position is equal.} Nc6 9. Qe2 $146 ({Predecessor:} 9. N2f3 Bd7 10. Re1 Rc8 11. Bg5 h6 12. Be3 Ng4 13. Nxc6 bxc6 14. Bd4 {0-1 (38) Caxita,E (1803)-Naiditsch,Y (2375) Batumi 2018}) 9... e5 10. Nxc6 bxc6 11. Ba6 Bg4 12. f3 Be6 13. Nc4 Qc7 14. f4 exf4 {Played: Nf6xe4} 0-1

[Event "12th Arad Open 2019"]
[Site "Arad"]
[Date "2019.07.25"]
[Round "3.26"]
[White "Tomici, Stefan"]
[Black "Magold, Victor"]
[Result "0-1"]
[WhiteElo "2329"]
[BlackElo "1962"]
[Annotator "TA"]
[PlyCount "62"]
[EventDate "2019.07.24"]
[EventType "swiss"]
[EventCountry "ROU"]
[SourceTitle "playchess.com"]
[Source "ChessBase"]
[SourceQuality "1"]

{[%evp 10,62,0,-5,2,-8,0,0,1,-12,-8,-6,-7,-8,28,41,51,50,56,50,57,52,28,47,72,58,85,81,179,180,165,152,153,35,123,140,145,98,113,120,316,301,400,401,545,556,542,377,391,152,151,0,0,-1963,-1892]} 1. e4 c5 2. Be2 Nc6 3. f4 g6 4. Nf3 Bg7 5. O-O d6 6. d3 Nf6 {B21: Sicilian: 2 f4 and Morra Gambit} (6... e6 7. c3 Nge7 8. Be3 f5 9. Na3 O-O 10. Qd2 b6 11. Rae1 Bb7 12. Bd1 Qd7 13. b4 Bxc3 14. Qxc3 cxb4 {½-½ (27) Tomashevsky,E (2705)-Shevchenko,K (2535) Skopje 2019}) 7. Kh1 O-O 8. Qe1 e5 $146 {The position is equal.} ({Predecessor:} 8... Bg4 9. Na3 Qd7 10. c3 Rab8 11. h3 Bxf3 12. Bxf3 b5 13. Be3 b4 14. Nc4 bxc3 15. bxc3 {1-0 (38) Movsziszian,K (2485)-Brendel,O (2339) Rhodes 2019}) 9. c3 exf4 10. Bxf4 d5 11. Nbd2 dxe4 12. dxe4 Qe7 13. Qh4 Ne8 $1 14. Bg5 f6 $1 {[%cal Rf6g5]} 15. Be3 $1 b6 16. e5 Bb7 17. Bc4+ Kh8 18. exf6 Bxf6 (18... Nxf6 $16 {keeps fighting.} 19. Rfe1 Qd7) 19. Bg5 $18 Nd6 20. Rae1 Qg7 21. Bd3 $40 {[%mdl 128] White mounts an attack.} (21. Bxf6 $1 $16 Rxf6 22. Ng5) 21... Rae8 ({Better is} 21... Ne7 $1 $14) 22. Bxf6 Rxf6 23. Rxe8+ Nxe8 24. Re1 Nd6 $2 {[#]} (24... Nc7 $16 {was called for.}) 25. Ng5 $1 h5 26. Nc4 Qf8 27. Nxd6 Rxd6 28. Bc4 Rf6 29. Ne6 $2 (29. Qg3 $18 {has better winning chances.} Ne7 30. Qe5) 29... Qe7 $16 {[#] Strongly threatening ...Rf1+!} 30. Ng5 $2 ({Only move:} 30. Qg3 $1 $16 {Black must now prevent Nf4.} Ba6 31. Nf4 {[%mdl 64] Discovered Attack} (31. Bxa6 Rxe6 32. Rd1 Ne5 $11)) 30... Ne5 $11 31. Ne4 $2 {[%mdl 8192] [#]} (31. Bb5 $11) 31... Rf1+ $1 {[%mdl 576] Discovered Attack. Accuracy: White = 49%, Black = 41%.} 0-1

[Event "12th Arad Open 2019"]
[Site "Arad"]
[Date "2019.07.25"]
[Round "3.27"]
[White "Florescu, Codrut-Constantin"]
[Black "Bucek, Eduard"]
[Result "1-0"]
[WhiteElo "2312"]
[BlackElo "1960"]
[Annotator "TA"]
[PlyCount "81"]
[EventDate "2019.07.24"]
[EventType "swiss"]
[EventCountry "ROU"]
[SourceTitle "playchess.com"]
[Source "ChessBase"]
[SourceQuality "1"]

{[%evp 17,81,3,4,0,18,-8,-7,-6,0,0,0,0,20,17,46,48,62,63,64,0,0,0,0,0,0,0,0,0,0,0,85,79,76,36,36,37,24,26,58,0,0,0,103,98,112,104,133,141,148,131,165,140,197,241,229,189,406,395,418,406,383,273,534,521,514,500]} 1. d4 d5 2. Bf4 Nf6 3. e3 g6 4. Nf3 Bg7 5. Nbd2 O-O 6. h3 Nbd7 7. Bd3 c5 8. c3 b6 9. O-O Bb7 10. Qb1 {D02: 1 d4 d5 2 Nf3 sidelines, including 2...Nf6 3 g3 and 2...Nf6 3 Bf4} (10. Qe2 Re8 11. Bh2 e6 12. Rfd1 Qe7 13. a4 Ne4 14. a5 Nxd2 15. Qxd2 Bc6 16. b4 c4 17. Bc2 f5 {½-½ (25) Izzat,K (2496)-Smirnov,A (2553) Melbourne 2018}) 10... Re8 11. Ne5 $146 ({Predecessor:} 11. b4 cxb4 12. cxb4 Nf8 13. a4 N6d7 14. Rc1 Rc8 15. Qb2 f6 16. Bg3 e5 17. Bf1 Qe7 {1-0 (38) Dehn,M (2144)-Van der Werf,R Groningen 2005}) 11... Nxe5 12. Bxe5 {The position is equal.} Rc8 13. a4 a6 14. Qd1 Qd7 15. Qe2 a5 16. dxc5 {Black must now prevent Bb5.} bxc5 17. Bb5 Bc6 18. Nb3 (18. c4 $1 $14) 18... c4 $11 19. Nd4 Bxb5 20. axb5 Ra8 21. Ra2 Ne4 22. Bxg7 Kxg7 23. Rfa1 $1 e5 (23... Nd6 $11) 24. Nc6 $16 Nd6 25. Rxa5 (25. Rd1 $5 {[%cal Rd1d5]}) 25... Rxa5 26. Rxa5 Nxb5 27. Nb4 Rc8 28. e4 ({Better is} 28. Qg4 $1 $14 f5 29. Qe2) 28... d4 $11 29. Nd5 {And now Qf3 would win.} d3 {[#]} (29... Rc5 $11 {keeps the balance.} 30. cxd4 exd4) 30. Qf3 $1 $16 {[%cal Rf3f6]} d2 31. Ra1 {aiming for Qf6+.} Rc6 32. Rd1 Nc7 33. Rxd2 Nxd5 34. exd5 {[%mdl 4096] Endgame KQR-KQR} ({Much less strong is} 34. Rxd5 $6 Qc7 $16) 34... Rc5 (34... Rc8 $16 {might work better.} 35. d6 Rd8) 35. d6 $18 f6 36. Qe4 Kf7 $2 {[#]} (36... h5 {was worth a try.} 37. f4 exf4 38. Qxf4 Rc6) 37. Qa8 Rc8 38. Qd5+ Kf8 39. Kh2 h6 $2 (39... Qf7 {was called for.} 40. d7 Rd8) 40. b4 cxb3 41. Qxb3 {Accuracy: White = 71%, Black = 38%.} 1-0

[Event "12th Arad Open 2019"]
[Site "Arad"]
[Date "2019.07.25"]
[Round "3.28"]
[White "Kantorik, Marian"]
[Black "Panush, Viktor"]
[Result "1-0"]
[WhiteElo "2196"]
[BlackElo "1957"]
[Annotator "TA"]
[PlyCount "55"]
[EventDate "2019.07.24"]
[EventType "swiss"]
[EventCountry "ROU"]
[SourceTitle "playchess.com"]
[Source "ChessBase"]
[SourceQuality "1"]

{[%evp 21,55,50,50,57,70,75,83,77,132,129,112,88,206,88,99,75,158,65,141,55,157,87,119,112,168,160,171,160,159,0,125,82,66,66,133,110]} 1. d4 Nf6 2. c4 g6 3. Nc3 Bg7 4. e4 d6 5. f4 O-O 6. Nf3 c5 7. d5 b5 8. cxb5 a6 9. a4 axb5 10. Bxb5 Ba6 11. Bxa6 Nxa6 12. O-O {E76: King's Indian: Four Pawns Attack: Lines specific to 6 Nf3 move-order} Qb6 (12... Nc7 13. f5 gxf5 14. exf5 Qc8 15. Ng5 Rb8 16. Nge4 Nce8 17. Qe1 Qd7 18. Bg5 Nxe4 19. Qxe4 Nf6 20. Bxf6 Bxf6 {½-½ (31) Hoffman,A (2480)-German,G (2500) Villa Martelli 1997}) 13. e5 {Black must now prevent a5.} Ng4 {[%cal Rd6e5]} 14. Qe2 $146 {White is better.} ({Predecessor:} 14. h3 c4+ 15. Qd4 Qxd4+ 16. Nxd4 dxe5 17. Nc6 Nf6 18. fxe5 Nd7 19. Bf4 e6 {0-1 (37) Pereira,S-Lopez Alfonso,A Portugal 1999}) 14... Rfb8 (14... Nb4 $142) 15. h3 $16 Nh6 16. g4 Nc7 {[#]} (16... f5 $16) 17. Rf2 (17. f5 $1 $18 {has better winning chances.}) 17... Qb7 18. Qd3 Qc8 (18... Qa6 $142 19. Qe3 Ra7) 19. Rg2 ({White should play} 19. exd6 $16 exd6 20. f5) 19... Rb4 (19... Qa6 $14 20. Qxa6 Rxa6) 20. Be3 (20. exd6 $16 exd6 {[#]} 21. f5 $1 {[%mdl 512]}) 20... Qd7 (20... Rab8 $14) 21. Qd2 (21. a5 $142) 21... Rab8 22. Ra2 Kh8 (22... Qc8 $16) 23. f5 Ng8 24. Ng5 {[%cal Rg5f7]} Qe8 25. Nf3 $2 (25. fxg6 $16 hxg6 26. Qf2) 25... dxe5 (25... Qd7 $11 {keeps the balance.}) 26. Bxc5 Rf4 27. Ne1 Qd8 ({Better is} 27... Nf6 $14) 28. a5 {Accuracy: White = 22%, Black = 15%.} 1-0

[Event "12th Arad Open 2019"]
[Site "Arad"]
[Date "2019.07.25"]
[Round "3.29"]
[White "Pavlenko, Bogdan"]
[Black "Kersten, Julian"]
[Result "1/2-1/2"]
[WhiteElo "2164"]
[BlackElo "1951"]
[Annotator "TA"]
[PlyCount "37"]
[EventDate "2019.07.24"]
[EventType "swiss"]
[EventCountry "ROU"]
[SourceTitle "playchess.com"]
[Source "ChessBase"]
[SourceQuality "1"]

{[%evp 9,37,59,68,68,79,77,100,83,93,79,85,89,143,128,142,139,176,19,28,20,86,75,83,91,74,-12,-20,-20,-27,-24]} 1. g3 g6 2. Bg2 Bg7 3. d4 Nf6 4. e4 d5 (4... d6 5. Nc3 O-O 6. Nge2 e5 7. O-O c6 8. a4 a5 9. h3 Na6 10. Be3 Nb4 11. Re1 d5 12. dxe5 Nxe4 13. Nxe4 dxe4 14. Bxe4 Bxe5 15. c3 Nd5 16. Bxd5 cxd5 17. Nf4 Re8 18. Qf3 Bxf4 19. Qxf4 Bxh3 {1-0 (57) Oparin,G (2624)-Yuffa,D (2595) Sochi 2019}) 5. e5 Ng8 6. Bf4 $146 {A45: Trompowsky Attack} ({Predecessor:} 6. Nf3 e6 7. O-O Ne7 8. Bg5 h6 9. Bxe7 Qxe7 10. Nbd2 c5 11. c3 Nc6 12. Nb3 {½-½ (69) Boerma,D (1917)-Petri,B (1709) Verden 2017}) 6... f6 7. Nc3 c6 8. Qe2 {White is better.} fxe5 9. dxe5 e6 10. O-O-O Qa5 (10... Nh6 $142) 11. h4 h6 12. Nf3 b5 {With the idea ...b4.} 13. Qd2 $2 {[#]} (13. a3 $18) 13... b4 $11 14. Ne2 Qxa2 (14... c5 $11 {remains equal.}) 15. Qxb4 $16 Bf8 16. Qc3 a5 {[#] aiming for ...Bb4.} 17. Qb3 (17. Qd3 $1 $16 {[%cal Rd3g6]} Ne7 18. Nc3 Qa1+ 19. Kd2 Qxb2 20. Rb1) 17... Qxb3 $11 18. cxb3 c5 19. Nc3 {Accuracy: White = 45%, Black = 58%.} 1/2-1/2

[Event "12th Arad Open 2019"]
[Site "Arad"]
[Date "2019.07.25"]
[Round "3.31"]
[White "Ciorica, Mihai-Vlad"]
[Black "Talmaci, Chiril"]
[Result "0-1"]
[WhiteElo "2110"]
[BlackElo "1731"]
[Annotator "TA"]
[PlyCount "50"]
[EventDate "2019.07.24"]
[EventType "swiss"]
[EventCountry "ROU"]
[SourceTitle "playchess.com"]
[Source "ChessBase"]
[SourceQuality "1"]

{[%evp 9,50,16,12,7,12,5,17,0,0,-6,-6,-11,-16,-14,-7,-15,-13,-10,4,0,0,0,0,-16,-12,-15,-11,-87,-81,-83,-72,-87,-77,-94,-112,-741,-734,-29989,-1077,-29990,-29991,-29996,-29997]} 1. b3 d5 2. Bb2 c6 3. e3 Nf6 4. c4 (4. Nf3 Bg4 5. c4 e6 6. Be2 Nbd7 7. O-O Bd6 8. h3 Bh5 9. d4 Ne4 10. Nbd2 Nxd2 11. Nxd2 Bxe2 12. Qxe2 O-O 13. e4 dxe4 14. Nxe4 Be7 15. Rad1 Nf6 16. Nd2 Qa5 17. a3 {0-1 (126) Vachier Lagrave,M (2789)-Aronian,L (2805) Riadh 2017}) 4... Bg4 5. Be2 Bxe2 6. Qxe2 {A01: Nimzowitsch-Larsen Opening} e6 7. Nf3 Nbd7 8. d3 $146 {The position is equal.} ({Predecessor:} 8. O-O Be7 9. d3 O-O 10. e4 Nc5 11. Rd1 a5 {½-½ (22) Hickl,J (2555)-Pinter,J (2590) Austria 1998}) 8... Bd6 9. e4 dxe4 10. dxe4 e5 11. O-O O-O 12. Rd1 Qe7 13. Nc3 Ba3 14. Bxa3 Qxa3 15. Qc2 Rfe8 16. Rd2 Nc5 17. Rad1 a5 18. Rd6 (18. h3 $11 {keeps the balance.}) 18... a4 $17 19. bxa4 Nxa4 20. Nxa4 Qxa4 21. Qb1 Qxa2 22. Qxb7 $2 {[%mdl 8192]} (22. Nd2 $17) 22... Nxe4 $19 {[%mdl 64] [#] Double Attack} 23. Rxc6 Qxf2+ 24. Kh1 Ra2 {[%csl Ga2][%cal Rf2g2]} 25. Rg1 {[#]} Qxg1+ $1 {[%mdl 576] Remove Defender, Back Rank. Accuracy: White = 23%, Black = 89%.} 0-1

[Event "12th Arad Open 2019"]
[Site "Arad"]
[Date "2019.07.25"]
[Round "3.32"]
[White "Gheorghiu, Calin"]
[Black "Mihai, Florin"]
[Result "1-0"]
[WhiteElo "2345"]
[BlackElo "1701"]
[Annotator "TA"]
[PlyCount "65"]
[EventDate "2019.07.24"]
[EventType "swiss"]
[EventCountry "ROU"]
[SourceTitle "playchess.com"]
[Source "ChessBase"]
[SourceQuality "1"]

{[%evp 24,65,36,37,48,15,10,18,31,0,-13,-41,-10,-24,218,210,245,248,281,213,376,370,317,-241,-238,-234,-242,-235,-244,-247,-200,-227,-221,-245,-241,-268,-268,-268,-261,-258,-245,-250,-220,-205]} 1. d4 d5 2. c4 e6 3. Nc3 Nf6 4. cxd5 exd5 5. Bg5 Be7 6. e3 c6 7. Bd3 Nbd7 {[%cal Bb8d7,Bd7f8,Bf8e6][%mdl 32]} 8. h3 O-O 9. Nf3 h6 10. Bf4 Re8 11. O-O Nf8 12. Qc2 Bd6 13. Ne5 Ne6 {D36: Queen's Gambit Declined: Exchange Variation: Main line (5 Bg5 c6 6 Qc2)} 14. Bh2 Qc7 (14... a6 15. Rad1 Qe7 16. Rfe1 Bd7 17. Na4 Rad8 18. a3 Bc8 19. b4 Ng5 20. Kh1 Bc7 21. Nc5 {1-0 (65) Alshameary Puente,I (2425)-Garcia Salamero,G (2177) San Sebastian 2019}) 15. f4 a6 $1 {The position is equal.} 16. Ne2 c5 17. Rac1 Qb6 $146 {[%cal Rc5d4]} (17... c4 $5 {[%cal Rc4d3]} 18. Bf5 Nf8 $11) ({Predecessor:} 17... c4 18. Bf5 Nf8 19. Ng3 Bxf5 20. Nxf5 Ne4 21. Qe2 {0-1 (47) Kopf,R (1991)-Kanter,L (1924) Neustadt an der Weinstrasse 2012}) 18. f5 Bxe5 $2 (18... Nxd4 $1 $11 19. exd4 c4 20. Nxc4 Bxh2+ 21. Kxh2 dxc4 22. Bxc4 Bd7) 19. dxe5 $18 (19. Bxe5 Nxd4 20. exd4 c4 $14) 19... c4 20. fxe6 Qxe3+ 21. Rf2 cxd3 $2 (21... Bxe6 22. Bf4 (22. exf6 cxd3 23. Qc5 Qxc5 $17) 22... cxd3 23. Bxe3 dxc2) 22. exf7+ Kxf7 23. Qc3 $4 {[%mdl 8192] [#]} (23. Qc7+ $18 {was the only winning move.} Re7 24. exf6 gxf6 25. Qd6 (25. Bf4 Qa7 $11) 25... dxe2 26. Qxf6+ Kg8 27. Re1) 23... Qxf2+ $1 $19 {[%mdl 576] Decoy} 24. Kxf2 Ne4+ {[%mdl 64] Double Attack} 25. Ke3 Nxc3 26. Nxc3 Be6 27. Kxd3 Rac8 28. g4 Red8 29. Rf1+ Kg8 {[#] ...d4 is the strong threat.} 30. Rf4 Rf8 31. Ne2 Rxf4 32. Bxf4 Kf7 33. Nd4 {[%mdl 32768] Accuracy: White = 32%, Black = 49%. . Loss on time!?} 1-0

[Event "12th Arad Open 2019"]
[Site "Arad"]
[Date "2019.07.25"]
[Round "3.33"]
[White "Manea, Alexandru"]
[Black "Popa-Matei, Viorel-Ovidiu"]
[Result "0-1"]
[WhiteElo "2333"]
[BlackElo "1895"]
[Annotator "TA"]
[PlyCount "58"]
[EventDate "2019.07.24"]
[EventType "swiss"]
[EventCountry "ROU"]
[SourceTitle "playchess.com"]
[Source "ChessBase"]
[SourceQuality "1"]

{[%evp 9,58,60,81,73,143,138,153,161,186,199,187,162,177,93,176,187,200,155,167,147,148,158,156,143,127,131,141,126,144,144,150,147,191,191,196,176,248,242,474,467,443,413,635,610,618,614,603,499,632,-29990,-29991]} 1. d4 d5 2. c4 e5 3. dxe5 d4 4. Nf3 Nc6 5. a3 a5 6. Nbd2 {D08: Albin Counter Gambit} Bf5 (6... a4 $142) (6... Nge7 7. Nb3 Nf5 8. Bg5 Be7 9. Bxe7 Qxe7 10. Nbxd4 Ncxd4 11. Nxd4 Qxe5 12. e3 O-O 13. Nxf5 Bxf5 {1-0 (37) Riazantsev,A (2646)-Pankov,G (2404) Minsk 2015}) 7. Nb3 $16 d3 8. Be3 {White is clearly better.} ({Don't take} 8. exd3 a4 $14) 8... f6 9. Nbd4 Nxd4 10. Nxd4 Bg6 $146 ({Predecessor:} 10... Bg4 11. Qxd3 fxe5 12. Qe4 Nf6 13. Qxe5+ {1-0 (65) Bielicki,C-Rossetto,H Buenos Aires 1963}) 11. e6 (11. exd3 $18 {aiming for f4.} fxe5 12. Nf3) 11... Be7 (11... Bc5 $16 12. Qa4+ Kf8) 12. exd3 Nh6 13. Be2 O-O 14. O-O Nf5 15. Nxf5 Bxf5 16. d4 Bxe6 17. Qc2 c6 18. Rad1 Qc7 19. Bd3 f5 20. Rfe1 Rae8 21. Bd2 Bd6 22. h3 Qd7 (22... Bh2+ {was necessary.} 23. Kh1 Bf4) 23. Bxa5 $18 {Black must now prevent d5!} f4 $2 {[#]} (23... g6 24. Bd2 Bf7) 24. Bxh7+ Kh8 25. d5 Bxh3 (25... cxd5 $142 26. cxd5 Bf5 27. Bxf5 Rxe1+ 28. Bxe1 Qxf5 29. Qxf5 Rxf5) 26. Rxe8 ({But not} 26. gxh3 $2 Rxe1+ 27. Rxe1 Qxh3 $17) 26... Rxe8 27. gxh3 Qxh3 28. Bf5 Qh4 {[#] ( -> ...f3)} 29. f3 $4 {[%mdl 8192]} (29. dxc6 {leads to mate.} f3 30. Bh3 Qxh3 31. Qg6 Bh2+ 32. Kh1 Bg3+ {[%mdl 64] Discovered Attack} 33. Kg1 Qg2#) (29. Qd3 $18) 29... Bc5+ 0-1

[Event "12th Arad Open 2019"]
[Site "Arad"]
[Date "2019.07.25"]
[Round "3.34"]
[White "Palii, Alex"]
[Black "Patrascu, Catalin-Lucian"]
[Result "0-1"]
[WhiteElo "1875"]
[BlackElo "2292"]
[Annotator "TA"]
[PlyCount "86"]
[EventDate "2019.07.24"]
[EventType "swiss"]
[EventCountry "ROU"]
[SourceTitle "playchess.com"]
[Source "ChessBase"]
[SourceQuality "1"]

{[%evp 16,86,24,0,0,-24,-21,-33,-12,-19,0,-12,0,-9,0,-7,0,0,0,0,0,-33,-18,-51,-14,-27,0,-27,-11,-40,-30,-33,0,0,35,17,18,10,10,0,0,0,0,-79,-30,-48,0,-22,-27,-37,-12,-33,-52,-41,-12,-12,-12,-66,-60,-52,-34,-34,-34,-47,-49,-40,-41,-306,-302,-317,-311,-399,-357]} 1. e4 e5 2. Bc4 (2. Nf3 Nc6 3. Bc4 Nf6 4. d3 Be7 5. O-O O-O 6. Nc3 d6 7. h3 h6 {½-½ (8) Perez Garcia,R (2471)-Bruzon Batista,L (2584) Las Tunas 2001}) 2... Nf6 3. d3 Bc5 4. Nf3 Nc6 5. Nc3 O-O 6. Bg5 Be7 7. O-O d6 8. h3 h6 9. Be3 Na5 {C55: Two Knights: 4 d3, 4 d4 exd4 5 e5 and Max Lange Attack} 10. Qd2 (10. Bb3 {is interesting.} c6 11. d4 Qc7 12. Qd2 b5 13. a3) 10... Nxc4 11. dxc4 Be6 {Black is slightly better.} 12. b3 $146 ({Predecessor:} 12. Nd5 c6 13. Nxf6+ Bxf6 14. b3 Bg5 15. Nxg5 hxg5 16. Bxg5 f6 {½-½ (45) Duda,D (1615)-Jakrlin,M Rabac 2011}) 12... Nd7 13. Nh2 Kh7 14. Rad1 Bg5 (14... Re8 {keeps more tension.} 15. f3 a5 16. Ng4 Bh4 17. Bf2 Bg5) 15. Bxg5 Qxg5 16. Qxg5 hxg5 17. Nf3 f6 18. g4 Nc5 19. Ne1 a6 20. f3 Rac8 21. Rd2 Kg6 22. Kh2 Kf7 23. Kg3 Rfd8 24. Ng2 c6 25. a4 a5 26. Rfd1 Ke7 27. Ne3 g6 28. Rh2 Rh8 29. Rhd2 (29. Rdh1 $11) 29... Rcd8 30. Rh2 Bf7 31. Rhd2 Ne6 32. Rh2 Nf4 33. Rdd2 Be6 34. Rd1 Rh7 35. Rdh1 Rh4 36. Rd2 ({Better is} 36. Ng2 $11 Nxg2 37. Rxg2) 36... Rdh8 $15 {[%cal Rh4h3]} 37. Rdh2 $1 Kd7 38. Ng2 Nxg2 39. Rxg2 f5 $36 {[%mdl 2048] Threatens to win with ...fxg4. Black is more active.} 40. Rgh2 $1 Kc7 41. Rd2 $2 {[%mdl 8192]} (41. Nd1 $15) 41... fxg4 $19 42. fxg4 {[#]} Bxg4 $1 {[%mdl 576] Pin} 43. Rdh2 (43. hxg4 Rxh1) 43... Be6 {Accuracy: White = 42%, Black = 33%.} 0-1